Дополнение к перспективному плану подготовки специалистов для транспорта (с таблицами и схемами)

Доступно только в Электронных читальных залах Найти на картеНа карте
RUSMARC
00004059nmc2a22002893x 450
0014909de06-dcf3-4d5b-ba10-5f603d9b8695
00520220705134022.0
100##$a20220622l1930 k y0rusy50 ca
1010#$arus
102##$aRU
105##$aa z |||||
1220#$ad19301231
2001#$aДополнение к перспективному плану подготовки специалистов для транспорта (с таблицами и схемами)
$j1930
215##$a183 листа
$cтабл., схем.
251##$cДело
300##$aЗаголовок дела на папке отсутствует
300##$aНа папке дела дата не указана
300##$aСтеклограф
300##$aЛисты: после 181 (1) - чистые
300##$aМашинописный и рукописный текст
330##$aВходит в раздел описи: Документы Народного комиссариата финансов. Транспортный сектор (Департамент железнодорожных дел) Наркомата финансов
461#0$100170a9e75d-b6e1-4eed-a561-fb01df49f1ed
$12001
$aКоллекция документов профессора И. Х. Озерова
$1251
$cФонд
$1852
$j1838
462#0$10010128b4bc-9fed-474c-8a7c-fdbe2c2718e2
$12001
$aДокументы советского периода. 1917-1933 гг.
$vД. 54
$1251
$cОпись
$1852
$j2
600#1$aОзеров
$bИ. Х.
$gИван Христофорович
801#0$aRU
$bGA_RF
801#1$aRU
$bГлавНИВЦ
$c20220622
$2rusmarc
801#2$aRU
$bПБ им. Б.Н. Ельцина
$c20220705
$gRCR
$2rusmarc
852##$aГА РФ
$j54
937##$d177088650
$hГАРФ
035##$aRuPRLIB51067676
856##$uhttp://readingroom.main.prlib.ru/item.aspx?id_node=n177088650&mode=full
Формат отображения